Statistics for 2023年中亚百万人口城市

Click here to take the quiz!

General Stats

  • This quiz has been taken 117 times
  • The average score is 8 of 13

Answers on the Map

Answers color-coded by a green-red scale on the quiz's map according to % correct below.
 

Answer Stats

人口(万)城市% Correct
255阿拉木图
94%
151乌兰巴托
90%
360塔什干
80%
136阿斯塔纳
79%
107杜尚别
77%
116比什凯克
67%
184新西伯利亚
64%
153阿什哈巴德
63%
184叶卡捷琳堡
61%
116鄂木斯克
38%
146车里雅宾斯克
34%
128希姆肯特
16%
127克拉斯诺亚尔斯克
14%

Score Distribution

Percentile by Number Answered

Percent of People with Each Score

Your Score History

You have not taken this quiz